00440nam a2200133 i 4500001000300000100001800003245008500021260002200106700002300128040000800151041000800159008004100167856009800208bg1 aLANGO, Danuta 0aĆwiczenia laboratoryjne z chemii ogólnej /cDanuta Lango, Mieczysław Lango. aBydgoszcz,c1977.1 aLANGO, Mieczysław cBPK apol s pl f |000 0 pol  uhttp://koha.tu.koszalin.pl/cgi-bin/koha/opac-detail.pl?biblionumber=17925yKatalog online BPK